000 01273nac a22003975a 4500
003 EG-ScBUE
005 20241125094527.0
006 a||||fr||||z00| 0
008 090326t2003 njua f 001 0 eng d
020 _a0130660760 (CD- Rom)
020 _a9780130988478
020 _a0130988472
040 _aEG-Sc BUE
_beng
_erda
_cEG-Sc BUE
_dEG-ScBUE
082 0 4 _a519.5
_bMCC
_222
100 1 _aMcClave, James T.,
_eauthor.
_92828
245 1 0 _aStatistics /
_cJames T. McClave, info tech, Inc., University of Florida, Terry Sincich, University of South Florida.
250 _aNinth edition.
250 _aInternational edition.
264 1 _aUpper Saddle River, NJ :
_bPrentice Hall, Inc.,
_c[2003]
264 4 _cc2003
300 _axxvi, 850 pages :
_billustrations ;
_c27 cm +
_e1 CD
336 _2rdacontent
_atext
_btxt
336 _2rdacontent
_asounds
_bsnd
337 _aunmediated
_2rdamedia
_bn
337 _aaudio
_2rdamedia
_bs
338 _avolume
_bnc
_2rdacarrier
338 _acomputer disc
_bcd
_2rdacarrier
500 _aIncludes index.
590 _adoha
650 7 _aStatistics.
_92829
_2BUEsh
651 _2BUEsh
653 _cAugust2015
655 _vReading book
700 1 _aSincich, Terry,
_eauthor.
_92830
942 _cBB
_2ddc
999 _c187
_d187